000 00897 a2200229 4500
005 20260312142020.0
008 260312b |||||||| |||| 00| 0 eng d
020 _a9789348650955 (hbk)
037 _cTB
040 _aCRL
_cCRL
041 _2hin
_ahin
084 _aO152,1I00:g(Y15) R5
_qCRL
100 _aराय, अनिल
_9861204
245 _aस्त्री के हक में कबीर
260 _aदिल्ली, भारत:
_bनयी किताब प्रकाशन,
_c2025.
300 _a128पृ.
365 _b350.00
_cINR
650 _aहिन्दी कविता
650 _aहिन्दी साहित्य
942 _cTB
_2CC
_hO152,1I00:g(Y15) R5
999 _c1466803
_d1466803